000 00636nam a2200241 i 4500
001 C2-0168532
003 PPAK
005 20180728091023.0
008 980712s1994 enka|||| ||||| | eng d
020 _a0004123476
040 _aPPAK
_beng
_cPPAK
_erda
082 0 4 _a751
_2 23
090 0 0 _a751
_bHUN
_dR
100 1 _aHuntly, Moira,
_eauthor
245 1 0 _aLearn to paints :
_bgouache
264 1 _aLondon :
_bHarper Collins ,
_c1994
300 _a64 pages :
_billustrations ;
_c27 cm
336 _2rdacontent
_atext
337 _2rdamedia
_aunmediated
338 _2rdacarrier
_avolume
650 1 0 _aPainting
942 _ddc
_cB
999 _c152677
_d152677